01005nam a2200277 i 4500003000900000005001700009007000300026008004100029020001500070040003000085041000800115082002900123100004200152245005500194264005300249300002900302336002700331337003400358338002800392500009100420600004800511600004700559600004800606650003500654650003800689DO-SdBNP20260302104244.0ta091021t1995 xxu r 000 f spa d a0452274427 aDO-SdBNPbspacBNPHUerda17heng 4aRD863.44bA473i 19952221 aÁlvarez, Julia,d1950-eautor4aut.10aIn the time of the butterflies /cJulia Álvarez. 1aEstados Unidos :bA Plume / Penguin Book,c1995. a325 páginas ;c23 cm. atextobtxt2rdacontent asin mediaciónbn2rdamedia avolumenbnc2rdacarrier aObra de ficción sobre la vida de las hermanas Mirabal basada en hechos históricos.14aMirabal, María Teresa, 1935-1960 vNovela14aMirabal, María Teresa, 1935-1960vNovela14aMirabal, Patria Mercedes, 1924-1960vNovela 4aNovela histórica dominicana. 4aLiteratura histórica dominicana